A Guide to national training needs assessment for human settlements : (Record no. 7508)

MARC details
000 -LEADER
fixed length control field 00775nam a22002172 4500
001 - CONTROL NUMBER
control field 0000007380
005 - DATE AND TIME OF LATEST TRANSACTION
control field 20151217152030.0
008 - FIXED-LENGTH DATA ELEMENTS--GENERAL INFORMATION
fixed length control field 080118s xx 000 0 eng d
020 ## - INTERNATIONAL STANDARD BOOK NUMBER
International Standard Book Number 9211311942 :
Terms of availability KES 600
040 ## - CATALOGING SOURCE
Original cataloging agency KABU
Transcribing agency KABU
100 1# - MAIN ENTRY--PERSONAL NAME
Personal name Fisher, Fred.
-- 0000153080
245 12 - TITLE STATEMENT
Title A Guide to national training needs assessment for human settlements :
Remainder of title a competency-based approach /
Statement of responsibility, etc. Fred Fisher and David W. Tees.
260 ## - PUBLICATION, DISTRIBUTION, ETC. (IMPRINT)
Place of publication, distribution, etc. Nairobi :
Name of publisher, distributor, etc. Habitat,
Date of publication, distribution, etc. 1992.
300 ## - PHYSICAL DESCRIPTION
Extent iii, 112 p.
650 #0 - SUBJECT ADDED ENTRY--TOPICAL TERM
Topical term or geographic name as entry element Construction workers
General subdivision Training of
Geographic subdivision Developing countries.
-- 0000158607
700 1# - ADDED ENTRY--PERSONAL NAME
Personal name Tees, David W.
-- 0000158608
908 ## - PUT COMMAND PARAMETER (RLIN)
Put command parameter 080118
950 ## - LOCAL HOLDINGS (RLIN)
-- 1
Holdings
Withdrawn status Lost status Source of classification or shelving scheme Not for loan Home library Current library Date acquired Total Checkouts Full call number Barcode Date last seen Price effective from Koha item type
    Library of Congress Classification   Kabarak, Main Campus Kabarak, Main Campus 17/12/2015   HD5716 .B92D44 011916 02/08/2024 17/12/2015 General Collection
    Library of Congress Classification   Kabarak, Main Campus Kabarak, Main Campus 17/12/2015   HD5716 .B92D44 011917 02/08/2024 17/12/2015 General Collection
Designed with assistance from East African Informatics Ltd